| 000 | 00604cam a22002411 4500 | ||
|---|---|---|---|
| 001 | sa 66000416 | ||
| 003 | DLC | ||
| 005 | 20260227112215.0 | ||
| 008 | 890918s1965 pk 000 0 urdr | ||
| 010 | _asa 66000416 | ||
| 035 | _a(OCoLC)20362436 | ||
| 040 |
_aDLC _cWaU _dDLC |
||
| 042 | _apremarc | ||
| 043 | _aa-pk--- | ||
| 050 | 0 | 0 |
_aJQ559.A54 _bG55 |
| 100 | 1 |
_aGilani, Asad, _d1922- |
|
| 245 | 1 | 0 | _aQāfilah-yi sak̲h̲t jān̲. |
| 260 | _c[1965] | ||
| 300 |
_a400 p. _c18 cm. |
||
| 500 | _aIn Urdu. | ||
| 500 | _aText partially vocalized. | ||
| 610 | 2 | 0 | _aJamāʻat-i Islāmī-yi Pākistān. |
| 999 |
_c67240 _d67240 |
||